[Event "Offenes Qualifikationsturnier"]
[Site "Berlin"]
[Date "2012.04.08"]
[Round "1.1"]
[White "Schnabel, Ralf"]
[Black "Leyrer, Thomas"]
[Result "1-0"]
[WhiteElo "2215"]
[BlackElo "1714"]
[PlyCount "69"]
[EventDate "2012.??.??"]
[WhiteTeam "ESV Nickelhütte Aue"]
[BlackTeam "SV Königsjäger Süd-West e.V."]

1. e4 c5 2. Nf3 Nc6 3. d4 cxd4 4. Nxd4 Nf6 5. Nc3 e5 6. Ndb5 d6 7. Nd5 Nxd5 8.
exd5 Nb8 9. c4 a6 10. Nc3 Be7 11. Be2 O-O 12. O-O f5 13. a3 Nd7 14. b4 e4 15.
Be3 Bf6 16. Bd4 b6 17. f4 exf3 18. gxf3 Bxd4+ 19. Qxd4 Qf6 20. Rad1 Qxd4+ 21.
Rxd4 Nf6 22. Na4 Rb8 23. c5 bxc5 24. bxc5 dxc5 25. Nxc5 Rd8 26. d6 Rb6 27. d7
Bb7 28. Bc4+ Kh8 29. Kf2 Bc6 30. Rfd1 Bb5 31. Bxb5 axb5 32. Rd6 Rxd6 33. Rxd6
Kg8 34. Rb6 Nxd7 35. Rd6 1-0

[Event "Offenes Qualifikationsturnier"]
[Site "Berlin"]
[Date "2012.04.08"]
[Round "1.2"]
[White "Kliem, Helmut"]
[Black "Welz, Peter"]
[Result "0-1"]
[WhiteElo "1772"]
[BlackElo "2147"]
[PlyCount "78"]
[EventDate "2012.??.??"]
[WhiteTeam "SV Königsjäger Süd-West"]
[BlackTeam "SV Empor Berlin"]

1. e4 e6 2. d4 d5 3. Nc3 Bb4 4. e5 c5 5. a3 Bxc3+ 6. bxc3 Qc7 7. Nf3 Nc6 8. Bd2
Bd7 9. Be2 c4 10. O-O f6 11. Re1 O-O-O 12. Bf1 Nge7 13. g3 Ng6 14. Bh3 Rde8 15.
Bf4 Nxf4 16. gxf4 Rhg8 17. Kh1 Kb8 18. Rg1 Bc8 19. Rg3 Qf7 20. Qd2 h6 21. Rag1
fxe5 22. Nxe5 Nxe5 23. dxe5 Ref8 24. Rg6 Qxf4 25. Qxf4 Rxf4 26. Rxg7 Rxg7 27.
Rxg7 Rxf2 28. Rg8 Kc7 29. Rg7+ Kc6 30. Rg6 Rxc2 31. Bxe6 Bxe6 32. Rxe6+ Kc5 33.
Rxh6 Rxc3 34. Rh7 Rxa3 35. Rxb7 Re3 36. Rxa7 Rxe5 37. Kg2 Kd4 38. Ra4 Kd3 39.
Kf3 c3 0-1

[Event "Offenes Qualifikationsturnier"]
[Site "Berlin"]
[Date "2012.04.08"]
[Round "1.3"]
[White "Haseloff, Harald"]
[Black "Focke, Wolfgang"]
[Result "0-1"]
[WhiteElo "2145"]
[BlackElo "1758"]
[PlyCount "86"]
[EventDate "2012.??.??"]
[WhiteTeam "SG Lasker Steglitz-Wilmersdorf"]
[BlackTeam "BSG 1827 Eckbauer"]

1. e4 e5 2. Nf3 Nc6 3. c3 Nf6 4. d4 exd4 5. e5 Nd5 6. Bb5 Be7 7. O-O O-O 8.
cxd4 a6 9. Ba4 Nb6 10. Bb3 d5 11. exd6 Qxd6 12. h3 Be6 13. Be3 Nd5 14. Nc3 Na5
15. Bc2 Nc4 16. Qd3 Nf6 17. b3 Nxe3 18. fxe3 g6 19. e4 Nh5 20. Ne2 Rad8 21. Qe3
Qb6 22. g4 Ng7 23. Nc3 Rfe8 24. Rad1 f6 25. Na4 Qa7 26. Qc3 c6 27. Kg2 Bf7 28.
Bd3 Qb8 29. Nb2 Ne6 30. e5 Nf4+ 31. Kg3 fxe5 32. dxe5 Nd5 33. Qc1 Bf6 34. Nc4
Be7 {(=)} 35. Ng5 Bxg5 36. Qxg5 Qc7 37. Nd6 Rxd6 38. exd6 Qxd6+ 39. Kh4 Re3 40.
Rg1 h6 41. Qxh6 Qf6+ 42. g5 Qf4+ 43. Rg4 Qf2+ 0-1

[Event "Offenes Qualifikationsturnier"]
[Site "Berlin"]
[Date "2012.04.08"]
[Round "1.4"]
[White "Heldt, Ronny"]
[Black "Hahlbohm, Matthias"]
[Result "0-1"]
[WhiteElo "1757"]
[BlackElo "2075"]
[PlyCount "64"]
[EventDate "2012.??.??"]
[WhiteTeam "SC Kreuzberg"]
[BlackTeam "TSG Oberschöneweide"]

1. d4 d5 2. c4 c6 3. Nf3 Nf6 4. e3 g6 5. Nc3 e6 6. Be2 Bg7 7. O-O O-O 8. b4 b6
9. Bd2 Bb7 10. Qa4 Nbd7 11. Rfc1 Qe7 12. Rab1 dxc4 13. Bxc4 b5 14. Nxb5 Nb6 15.
Qa5 cxb5 16. Bxb5 Ne4 17. Be1 Nd6 18. Bc6 Nbc4 19. Qa4 Bxc6 20. Qxc6 Rfc8 21.
Qa4 a6 22. Nd2 e5 23. Nxc4 Nxc4 24. Qb3 Qe6 25. dxe5 Bxe5 26. Rc2 Qf5 27. Rbc1
Nb6 28. Rc5 Qf6 29. a4 Bd6 30. R5c2 Rxc2 31. Rxc2 Qa1 32. Qc3 Qxc3 0-1

[Event "Offenes Qualifikationsturnier"]
[Site "Berlin"]
[Date "2012.04.08"]
[Round "1.5"]
[White "Hintze, Peter"]
[Black "Koeckeritz, Dieter"]
[Result "1-0"]
[WhiteElo "2067"]
[BlackElo "1750"]
[PlyCount "63"]
[EventDate "2012.??.??"]
[WhiteTeam "SC Zugzwang 95"]
[BlackTeam "BSG 1827 Eckbauer"]

1. e4 c5 2. Nf3 e6 3. c3 Nc6 4. Be2 Nf6 5. e5 Nd5 6. O-O d6 7. d4 dxe5 8. dxe5
Qc7 9. Bb5 Bd7 10. Qe2 Be7 11. Na3 a6 12. Bd3 b5 13. c4 bxc4 14. Nxc4 Nb6 15.
Na3 Nb4 16. Be4 N4d5 17. Bd2 c4 18. Nc2 c3 19. bxc3 Rc8 20. Ncd4 Nc4 {
unvollständig} 21. Bxd5 exd5 22. e6 O-O 23. exd7 Qxd7 24. Ne5 Nxe5 25. Qxe5 Bf6
26. Qg3 g6 27. Rfe1 Rfe8 28. h4 Rxe1+ 29. Rxe1 Re8 30. Rxe8+ Qxe8 31. Qd6 Qe4
32. Qxf6 1-0

[Event "Offenes Qualifikationsturnier"]
[Site "Berlin"]
[Date "2012.04.08"]
[Round "1.6"]
[White "Huels, Marco"]
[Black "Reichert, Lutz"]
[Result "1/2-1/2"]
[WhiteElo "2058"]
[BlackElo "1740"]
[PlyCount "155"]
[EventDate "2012.??.??"]
[WhiteTeam "SV Motor Wildau"]
[BlackTeam "Schwarz-Weiß Neukölln e.V."]

1. e4 d6 2. d4 Nf6 3. Bd3 e5 4. d5 Be7 5. Ne2 c6 6. c4 O-O 7. Nbc3 Na6 8. O-O
Bd7 9. Ng3 Nc5 10. Bc2 cxd5 11. cxd5 a5 12. Be3 Rc8 13. f3 b5 14. a3 Qc7 15.
Rc1 Qb7 16. b4 axb4 17. axb4 Na6 18. Na2 Rc4 19. Bd3 Rxc1 20. Qxc1 Rc8 21. Qd2
Bd8 22. Qf2 Nc7 23. Rc1 Na8 24. Nc3 Bb6 25. Nge2 Bxe3 26. Qxe3 Qa6 27. Nd1 Nb6
28. Rxc8+ Nxc8 29. Qc1 Qb6+ 30. Kf1 Qd8 31. Qa3 Nh5 32. g3 Bh3+ 33. Kf2 Ne7 34.
Qa5 Qxa5 35. bxa5 Bd7 36. Nec3 b4 37. Nb5 Nc8 38. Ke3 Kf8 39. Bc4 Ke7 40. Kd3
Kd8 41. Kc2 Bxb5 42. Bxb5 Na7 43. Be2 Nf6 44. Kb3 g5 45. Kxb4 Kc7 46. Nc3 Nd7
47. Nb5+ Nxb5 48. Kxb5 Nc5 49. Bc4 Kb7 50. g4 Na6 51. Be2 Nc5 52. Kb4 f6 53.
Bb5 h6 54. Bc6+ Ka6 55. Bb5+ Kb7 56. Be2 Nd7 57. Kb5 Nb8 58. Bd3 Na6 59. Bc4
Nc7+ 60. Kb4 Ka7 61. Bb5 Kb7 62. Bc6+ Ka6 63. Bd7 Kb7 64. h3 Na6+ 65. Kb5 Nc7+
66. Kc4 Ka7 67. Bc8 Kb8 68. Bd7 Ka7 69. Kb4 Ka6 70. Ka4 Ka7 71. Bb5 Kb7 72. Kb4
Ka7 73. Bf1 Kb7 74. Be2 Ka7 75. Bb5 Kb7 76. Bd7 Ka7 77. Bc8 Kb8 78. Bd7 1/2-1/2

[Event "Offenes Qualifikationsturnier"]
[Site "Berlin"]
[Date "2012.04.08"]
[Round "1.7"]
[White "Katic, Vojo"]
[Black "Hohn, August"]
[Result "0-1"]
[WhiteElo "1734"]
[BlackElo "2046"]
[PlyCount "148"]
[EventDate "2012.??.??"]
[WhiteTeam "SK Dragojle Babic"]
[BlackTeam "SC Zugzwang 95"]

1. e4 c6 2. Nc3 d5 3. d4 dxe4 4. Nxe4 Nd7 5. Nf3 Ngf6 6. Bd3 Nxe4 7. Bxe4 Nf6
8. Bd3 Bg4 9. Be2 e6 10. h3 Bh5 11. Be3 Bd6 12. Ne5 Bxe2 13. Qxe2 Bxe5 14. dxe5
Qa5+ 15. Bd2 Qb6 16. exf6 Qxb2 17. O-O Qxf6 18. Rab1 b6 19. Qc4 O-O 20. Qxc6
Rac8 21. Qe4 Rc5 22. Rfe1 Rfc8 23. c3 Rc4 {(=)} 24. Qe5 Qg6 25. Rb4 R4c5 26.
Qe4 Rf5 27. Qb7 Rfc5 28. Ree4 R5c7 29. Qa6 Qh5 30. Red4 h6 31. Qd3 Rc5 32. Rd8+
Rxd8 33. Qxd8+ Kh7 34. Qd3+ g6 35. Be3 Ra5 36. Qd7 Kg7 37. Rf4 g5 38. Ra4 Rd5
39. Bd4+ Kh7 40. Qe8 e5 41. Bxe5 Rxe5 42. Qxe5 Qd1+ 43. Kh2 Qxa4 44. Qf5+ Kg7
45. Qe5+ Kg6 46. Qd6+ Kh7 47. Qd5 Qf4+ 48. Kg1 Kg7 49. Qd3 Qe5 50. f3 h5 51.
Kf2 h4 52. Qd4 Qxd4+ 53. cxd4 Kf6 54. Ke3 Ke6 55. f4 f6 56. fxg5 fxg5 57. Ke4
b5 58. d5+ Kd6 59. Kf5 b4 60. Kxg5 a5 61. Kxh4 a4 62. g4 b3 63. axb3 axb3 64.
g5 b2 65. Kh5 b1=Q 66. h4 Qh7+ 67. Kg4 Ke5 68. d6 Qf5+ 69. Kh5 Qh7+ 70. Kg4 Ke4
71. d7 Qxd7+ 72. Kh5 Qh7+ 73. Kg4 Ke5 74. Kf3 Qxh4 0-1

[Event "Offenes Qualifikationsturnier"]
[Site "Berlin"]
[Date "2012.04.08"]
[Round "1.9"]
[White "Yilmaz, Rahmi"]
[Black "Schildt, Rene"]
[Result "0-1"]
[WhiteElo "1727"]
[BlackElo "2041"]
[PlyCount "108"]
[EventDate "2012.??.??"]
[WhiteTeam "BSC Rehberge 1945"]
[BlackTeam "SC Zugzwang 95"]

1. e4 d5 2. exd5 Qxd5 3. Nc3 Qd6 4. Bc4 Nf6 5. a3 a6 6. h3 Nc6 7. Nf3 Bf5 8. d3
h6 9. Be3 e6 10. b4 Qd8 11. O-O Bd6 12. d4 O-O 13. Re1 b5 14. Bd3 Ne7 15. Nh4
Bxd3 16. Qxd3 Ned5 17. Bd2 Nxc3 18. Bxc3 Nd5 19. Nf3 Qd7 20. Bd2 Rfd8 21. c3
Nb6 22. Ra2 Qc6 23. Rc2 Nc4 24. Bc1 Qd5 25. Nd2 Nxd2 26. Qxd2 Qf5 27. Qd1 e5
28. Rce2 exd4 29. cxd4 Kf8 30. Be3 Re8 31. Qc1 Qg6 32. d5 Kg8 33. Qc6 Rad8 34.
Rd2 Re4 35. Kf1 Be5 36. Red1 Rc4 37. Qxg6 fxg6 38. Rd3 Bd6 39. g3 Re8 40. Rc1
Rxe3 41. fxe3 Rxc1+ 42. Ke2 Bxg3 43. e4 Be5 44. Rf3 Rc2+ 45. Kd1 Rc3 46. Rxc3
Bxc3 47. Kc2 Be5 48. Kb3 g5 49. Kc2 h5 50. Kd2 g4 51. hxg4 h4 52. Ke2 h3 53.
Kf2 h2 54. Kg2 Kf7 0-1

[Event "Offenes Qualifikationsturnier"]
[Site "Berlin"]
[Date "2012.04.08"]
[Round "1.10"]
[White "Hoffmann, Peter"]
[Black "Jansen, Robert"]
[Result "1-0"]
[WhiteElo "2040"]
[BlackElo "1723"]
[PlyCount "55"]
[EventDate "2012.??.??"]
[WhiteTeam "BSG 1827 Eckbauer"]
[BlackTeam "SC Kreuzberg"]

1. d4 d5 2. c4 e6 3. Nc3 Nf6 4. cxd5 exd5 5. Bg5 Be6 6. e3 c6 7. Bd3 Nbd7 8.
Nge2 Be7 9. Nf4 O-O 10. Qc2 h6 11. Bh4 c5 12. Nxe6 fxe6 13. O-O Rc8 14. Rad1
Kh8 15. Qb1 e5 16. dxe5 Nxe5 17. Bf5 Rc6 18. Nxd5 Nxd5 19. Bxe7 Qxe7 20. Rxd5
Rcf6 21. Bh3 g5 22. Qe4 Re8 23. Rfd1 g4 24. Bxg4 Nxg4 25. Qxg4 Qg7 26. Qxg7+
Kxg7 27. Rxc5 b6 28. Rc7+ 1-0

[Event "Offenes Qualifikationsturnier"]
[Site "Berlin"]
[Date "2012.04.08"]
[Round "1.11"]
[White "Pelivan, Vjekoslav"]
[Black "Skogvall, Martina"]
[Result "0-1"]
[WhiteElo "1745"]
[BlackElo "2063"]
[PlyCount "54"]
[EventDate "2012.??.??"]
[WhiteTeam "Betriebsschach SK Präsident"]
[BlackTeam "SF Berlin 1903"]

1. d4 Nf6 2. Nf3 d5 3. c4 e6 4. Nc3 a6 5. e3 Be7 6. Bd3 dxc4 7. Bxc4 b5 8. Bb3
Bb7 9. a3 Nbd7 10. O-O O-O 11. Re1 c5 12. e4 b4 13. axb4 cxb4 14. Ne2 Nxe4 15.
Nf4 Qb6 16. Qd3 Ndf6 17. Ne5 Rad8 18. Be3 Nc5 19. Qd1 Nxb3 20. Qxb3 Nd5 21. Nc4
Qc7 22. Nd3 Nxe3 23. fxe3 Bd5 24. Rac1 Rc8 25. Nde5 f6 26. e4 fxe5 27. exd5
exd5 0-1

[Event "Offenes Qualifikationsturnier"]
[Site "Berlin"]
[Date "2012.04.08"]
[Round "1.12"]
[White "Leyrer, Edgar"]
[Black "Muenstermann, Claudia"]
[Result "1/2-1/2"]
[WhiteElo "1246"]
[BlackElo "1792"]
[PlyCount "84"]
[EventDate "2012.??.??"]
[WhiteTeam "SV Königsjäger Süd-West e.V."]
[BlackTeam "SC Weisse Dame"]

1. d4 d5 2. c4 Nc6 3. Nc3 dxc4 4. Nf3 Bg4 5. d5 Na5 6. Qa4+ c6 7. e4 b5 8. Qd1
e6 9. Be2 Bb4 10. Qd4 Nf6 11. Bg5 Bxf3 12. Bxf3 h6 13. Bxf6 gxf6 14. O-O e5 15.
Qe3 Qb6 16. Qxb6 axb6 17. Rfd1 Rd8 18. dxc6 Rxd1+ 19. Rxd1 Bxc3 20. bxc3 Nxc6
21. Rd6 Na5 22. Rxb6 Ke7 23. Rxb5 Ra8 24. Rb4 Nc6 25. Rxc4 Rxa2 26. g3 Kd6 27.
Bh5 Ra7 28. Kg2 Nd8 29. Rc8 Ne6 30. h4 Nc5 31. Kf3 Ra3 32. Bxf7 Rxc3+ 33. Kg2
Nxe4 34. Rxc3 {(=)} Nxc3 35. f3 f5 36. Bg6 Ke6 37. Bh5 Nd5 38. Kf2 Nf6 39. Bg6
Nd5 40. Bh5 Kf6 41. g4 Nf4 42. Be8 Nd5 1/2-1/2

[Event "Offenes Qualifikationsturnier"]
[Site "Berlin"]
[Date "2012.04.08"]
[Round "1.13"]
[White "Krueger, Robin Kevin"]
[Black "Kostre, Margarita"]
[Result "0-1"]
[WhiteElo "1181"]
[BlackElo "1789"]
[PlyCount "64"]
[EventDate "2012.??.??"]
[WhiteTeam "SC Schwarz-Weiß Lichtenrade"]
[BlackTeam "Schachpinguine Berlin"]

1. d4 Nf6 2. c4 c5 3. d5 b5 4. cxb5 a6 5. bxa6 g6 6. g3 d6 7. Bg2 Bg7 8. Nh3
O-O 9. O-O Nxa6 10. Nc3 Rb8 11. Rb1 Nd7 12. Bd2 Nb6 13. b3 Nb4 14. Nf4 Ra8 15.
a4 Bd7 16. e4 Qc7 17. Qe2 Rfb8 18. Rfc1 c4 19. Bf1 Qd8 20. bxc4 Nxa4 21. Nxa4
Rxa4 22. Nd3 Na2 23. Rxb8 Qxb8 24. Rc2 Qb3 25. Be1 Bg4 26. Rb2 Bxb2 27. Qxb2
Qxb2 28. Nxb2 Ra8 29. Nd3 Rc8 30. Nf4 Bf3 31. Bg2 Bxg2 32. Kxg2 Rxc4 0-1

[Event "Offenes Qualifikationsturnier"]
[Site "Berlin"]
[Date "2012.04.08"]
[Round "1.14"]
[White "Batzaya, Ayush"]
[Black "Mahler, Sonja"]
[Result "1-0"]
[WhiteElo "1936"]
[BlackElo "1635"]
[PlyCount "83"]
[EventDate "2012.??.??"]
[WhiteTeam "SV Berolina Mitte"]
[BlackTeam "SC Kreuzberg"]

1. e4 d6 2. d4 c6 3. Nc3 Qc7 4. Be3 Nf6 5. Bd3 h6 6. Qe2 b5 7. a3 a5 8. Nf3 e5
9. h3 Be7 10. d5 Bb7 11. dxc6 Nxc6 12. Bxb5 Qd8 13. Nd5 Nd7 14. Rd1 Rb8 15. O-O
Ba8 16. b3 h5 17. Qc4 Rc8 18. Ba6 Rb8 19. Qd3 Rg8 20. Nxe7 Nxe7 21. Ba7 Rc8 22.
Bxc8 Nxc8 23. Be3 g5 24. Nd2 g4 25. hxg4 Rxg4 26. f3 Rg6 27. Qa6 Ncb6 28. Nc4
d5 29. Nxb6 Nxb6 30. Qb5+ Nd7 31. exd5 h4 32. Kh2 Qf6 33. Qc4 Bb7 34. Rf2 Rg7
35. Qe4 Rg3 36. Rd3 Ba6 37. c4 Bb7 38. f4 Qh8 39. Bd2 Rg4 40. Qf5 Rg6 41. fxe5
Qh7 42. Rdf3 1-0

[Event "Offenes Qualifikationsturnier"]
[Site "Berlin"]
[Date "2012.04.08"]
[Round "1.15"]
[White "Schmidek, Emil"]
[Black "Gebigke, Lena"]
[Result "1-0"]
[WhiteElo "1792"]
[BlackElo "1444"]
[PlyCount "117"]
[EventDate "2012.??.??"]
[WhiteTeam "TuS Makkabi Berlin"]
[BlackTeam "SV Berolina Mitte"]

1. e4 c5 2. Nf3 Nc6 3. d4 cxd4 4. Nxd4 d6 5. c4 Nf6 6. Nc3 g6 7. Be3 Bg7 8. Be2
O-O 9. O-O Bd7 10. Qd2 Rc8 11. f3 a6 12. Rac1 Nxd4 13. Bxd4 Be6 14. b3 Nd7 15.
Be3 f6 16. Nd5 Bxd5 17. Qxd5+ Kh8 18. Qxb7 Nc5 19. Qb4 a5 20. Qd2 Qb6 21. Rb1
Qb4 22. Qc1 f5 23. exf5 Rxf5 24. f4 Qc3 25. Qxc3 Bxc3 26. Bg4 Ne4 27. Rbd1 Rcf8
28. Bxf5 gxf5 29. Bd4+ Bxd4+ 30. Rxd4 Kg7 31. Rd5 Nc5 32. Re1 Kf6 33. Re3 Rb8
34. Rh3 Kg6 35. Rg3+ Kf6 36. Rg5 e6 37. Rd1 Ne4 38. Rh5 Kg6 39. Rh3 Rb6 40.
Rhd3 h5 41. h3 Kf6 42. g4 hxg4 43. hxg4 Rb8 44. g5+ Kg6 45. Rh3 Rg8 46. Rh6+
Kf7 47. Rh7+ Rg7 48. Rxg7+ Kxg7 49. a3 Kf7 50. b4 axb4 51. axb4 Ke7 52. Ra1 Nd2
53. Ra7+ Kf8 54. Rc7 Nf3+ 55. Kf2 Nd4 56. b5 e5 57. fxe5 dxe5 58. b6 Ne6 59. b7
1-0

[Event "Offenes Qualifikationsturnier"]
[Site "Berlin"]
[Date "2012.04.08"]
[Round "1.16"]
[White "Duric, Rajko"]
[Black "Agapova, Svetlana"]
[Result "1-0"]
[WhiteElo "1789"]
[BlackElo "1155"]
[PlyCount "59"]
[EventDate "2012.??.??"]
[WhiteTeam "SC Kreuzberg"]
[BlackTeam "Betriebsschach SK Präsident"]

1. e4 e5 2. Nf3 Nc6 3. Bc4 h6 4. O-O Nf6 5. Nc3 Be7 6. d4 exd4 7. Nxd4 O-O 8.
Nf5 d6 9. Nxe7+ Nxe7 10. Qf3 Ng6 11. Qg3 Nh5 12. Qxg6 Qh4 13. Bxh6 Qg4 14. Qxg4
Bxg4 15. Bg5 g6 16. h3 Bd7 17. g4 Ng7 18. Nd5 c6 19. Nf6+ Kh8 20. Nxd7 Rfc8 21.
Bxf7 Rc7 22. Bxg6 Rxd7 23. Bf6 Kg8 24. Bxg7 Rxg7 25. Bf5 Rd8 26. Rad1 Re7 27.
c4 Re5 28. f4 Rc5 29. b4 Rxc4 30. Be6+ 1-0

[Event "Offenes Qualifikationsturnier"]
[Site "Berlin"]
[Date "2012.04.08"]
[Round "1.17"]
[White "Teske, Tim"]
[Black "Francke, Joerg"]
[Result "0-1"]
[WhiteElo "1722"]
[BlackElo "2039"]
[PlyCount "76"]
[EventDate "2012.??.??"]
[WhiteTeam "SK Tempelhof 1931"]
[BlackTeam "SC Weisse Dame"]

1. d4 d6 2. c4 Bf5 3. Nc3 Nd7 4. Nf3 Ngf6 5. e3 e5 6. Be2 Be7 7. O-O h6 8. b3
e4 9. Nd2 c6 10. f3 exf3 11. Bxf3 Bg6 12. Bb2 O-O 13. Nde4 Re8 14. Ng3 Bf8 15.
Qd2 Rb8 16. Rae1 Qa5 17. Rf2 Qg5 18. Rfe2 Ng4 19. Nge4 Qh4 20. g3 Qh3 21. Ba3
d5 22. Nd6 Re6 23. c5 Be7 24. Rg2 Bg5 25. Nd1 Ndf6 26. Bc1 Ne4 27. Nxe4 Bxe4
28. Nf2 Nxf2 29. Qxf2 Rbe8 30. Bxe4 Rxe4 31. Qf3 Qe6 32. Rge2 {(=)} Qg6 33. Qg2
h5 34. Kh1 Bd8 35. b4 h4 36. Rg1 Rg4 37. Qf3 h3 38. Qf1 Qe4+ 0-1

[Event "Offenes Qualifikationsturnier"]
[Site "Berlin"]
[Date "2012.04.08"]
[Round "1.18"]
[White "Schmidt, Juergen"]
[Black "Urbaniak, Andreas"]
[Result "1-0"]
[WhiteElo "2035"]
[BlackElo "1721"]
[PlyCount "87"]
[EventDate "2012.??.??"]
[WhiteTeam "SC Kreuzberg"]
[BlackTeam "SV Berolina Mitte"]

1. e4 c5 2. Nf3 Nc6 3. d4 cxd4 4. Nxd4 e5 5. Nb5 d6 6. N1c3 Nf6 7. Bg5 a6 8.
Na3 Be7 9. Bxf6 Bxf6 10. Nd5 b5 11. c3 O-O 12. Nc2 Be6 13. Nce3 Bg5 14. Be2
Bxe3 15. Nxe3 Qc7 16. O-O Rad8 17. a4 Qb6 18. axb5 axb5 19. Nd5 Qb7 20. Qd3 Rb8
21. Rfd1 Rfd8 22. Qe3 Bxd5 23. Rxd5 b4 24. h3 bxc3 25. bxc3 Ne7 26. Rda5 Ng6
27. Bc4 Rf8 28. Ra7 Qc6 29. Bd5 Qb6 30. Qxb6 Rxb6 31. g3 h6 32. Rd7 Nh8 33.
Raa7 g5 34. Kg2 Kg7 35. Rac7 Kg6 36. Rc6 Rxc6 37. Bxc6 Rc8 38. Rxd6+ f6 39. Bd5
Rxc3 {(=)} 40. Rd7 Rc8 41. Be6 Rf8 42. Bf5+ Kh5 43. g4+ Kh4 44. Rh7 1-0

[Event "Offenes Qualifikationsturnier"]
[Site "Berlin"]
[Date "2012.04.08"]
[Round "1.19"]
[White "Prinz, Tade"]
[Black "Konrad, Erhard"]
[Result "0-1"]
[WhiteElo "1718"]
[BlackElo "2012"]
[PlyCount "82"]
[EventDate "2012.??.??"]
[WhiteTeam "BSG 1827 Eckbauer"]
[BlackTeam "SG Lasker Steglitz-Wilmersdorf"]

1. d4 e6 2. Nf3 f5 3. Bf4 Nf6 4. Nbd2 d5 5. e3 Be7 6. c3 O-O 7. Be2 c6 8. Ne5
Nbd7 9. Ndf3 Ne4 10. h4 Bf6 11. Ng5 Nxg5 12. hxg5 Bxg5 13. Bd3 Bxf4 14. exf4
Nxe5 15. dxe5 g6 16. Qf3 Qa5 17. Qh3 Rf7 18. Bc2 Bd7 19. a4 b5 20. b4 Qc7 21.
O-O c5 22. Rfc1 bxa4 23. Qe3 cxb4 24. cxb4 Qb6 25. Qd2 Rb8 26. Rcb1 Bb5 27. Ra3
Rc7 28. Qd1 Rbc8 29. Bxa4 Rc3 30. Rxc3 Rxc3 31. Bxb5 Qxb5 32. Qd4 Rc7 33. Ra1
Qb7 34. Ra5 a6 35. g3 Rc4 36. Qa1 Rxb4 37. Qa3 d4 38. Kh2 Rb1 39. f3 {(=)} Qg7
40. Kg2 Qh6 41. Qd3 Qh1+ 0-1

[Event "Offenes Qualifikationsturnier"]
[Site "Berlin"]
[Date "2012.04.08"]
[Round "1.20"]
[White "Sebastian, Martin"]
[Black "Hampel, Arne"]
[Result "0-1"]
[WhiteElo "2011"]
[BlackElo "1718"]
[PlyCount "97"]
[EventDate "2012.??.??"]
[WhiteTeam "TSG Rot-Weiß Fredersdorf/V."]
[BlackTeam "SC Kreuzberg"]

1. e4 c5 2. Nf3 Nc6 3. d4 cxd4 4. Nxd4 e5 5. Nb5 a6 6. Nd6+ Bxd6 7. Qxd6 Qf6 8.
Qxf6 Nxf6 9. f3 d5 10. exd5 Nxd5 11. c3 O-O 12. Be2 Be6 13. O-O Rad8 14. Na3
Rd7 15. Nc4 Rfd8 16. Kf2 f6 17. Ne3 Nf4 18. Rd1 Rxd1 19. Bxd1 Nd3+ 20. Ke2
Nxc1+ 21. Rxc1 Bxa2 22. b3 Na5 23. Ra1 Nxb3 24. Rxa2 Nc1+ 25. Ke1 Rxd1+ 26.
Kxd1 Nxa2 27. Kc2 Nxc3 28. Kxc3 Kf7 29. Kc4 Ke6 30. Kc5 h5 31. Kb6 g5 32. Kxb7
a5 33. Kc6 a4 34. Nc4 g4 35. Kc5 gxf3 36. gxf3 Kf5 37. Kb4 Kf4 38. Nd2 Ke3 39.
Ne4 Kxf3 40. Nxf6 h4 41. Nh7 Kg2 42. Ng5 h3 43. Kxa4 Kxh2 44. Kb3 Kg3 45. Nxh3
Kxh3 46. Kc3 Kg3 47. Kd2 Kf3 48. Ke1 Ke3 49. Kf1 0-1

[Event "Offenes Qualifikationsturnier"]
[Site "Berlin"]
[Date "2012.04.08"]
[Round "2.1"]
[White "Rohrbach, Stefan"]
[Black "Schnabel, Ralf"]
[Result "0-1"]
[WhiteElo "1863"]
[BlackElo "2215"]
[PlyCount "82"]
[EventDate "2012.??.??"]
[WhiteTeam "BSG 1827 Eckbauer"]
[BlackTeam "ESV Nickelhütte Aue"]

1. d4 f5 2. Bg5 g6 3. Nc3 Nf6 4. f3 d5 5. Nh3 Bg7 6. Qd2 c6 7. Nf4 Qd6 8. Nd3
Nbd7 9. Bf4 Qe6 10. O-O-O Nh5 11. e3 O-O 12. h4 Nxf4 13. Nxf4 Qf6 14. g4 e5 15.
g5 Qd6 16. Nfe2 Nb6 17. Ng1 f4 18. dxe5 fxe3 19. exd6 exd2+ 20. Kxd2 Be5 21.
Bd3 Bf4+ 22. Ke2 Bf5 23. Bxf5 Rxf5 24. b3 Bxd6 25. Kf1 Re8 26. Nce2 Re3 27. Rh3
Bc5 28. Rg3 Nd7 29. Rd3 Rxd3 30. cxd3 Bd6 31. Rh3 Ne5 32. f4 Nd7 33. Rf3 Nf8
34. Nh3 Ne6 35. Kg2 Kg7 36. Kg3 Bc5 37. Kg4 a5 38. Ng3 Nd4 39. Nxf5+ gxf5+ 40.
Kg3 Nxf3 41. Kxf3 Kg6 0-1

[Event "Offenes Qualifikationsturnier"]
[Site "Berlin"]
[Date "2012.04.08"]
[Round "2.2"]
[White "Welz, Peter"]
[Black "Schmalzried, Volker"]
[Result "1-0"]
[WhiteElo "2147"]
[BlackElo "1842"]
[PlyCount "57"]
[EventDate "2012.??.??"]
[WhiteTeam "SV Empor Berlin"]
[BlackTeam "- ohne Verein -"]

1. e4 g6 2. d4 Bg7 3. f4 c5 4. d5 d6 5. c4 Nf6 6. Nc3 O-O 7. Nf3 Na6 8. Bd3 Nc7
9. O-O a6 10. a4 Rb8 11. a5 e6 12. Nd2 exd5 13. cxd5 Ng4 14. Nf3 f5 15. h3 fxe4
16. Nxe4 Nf6 17. Nxf6+ Bxf6 18. Rb1 b5 19. axb6 Rxb6 20. Qd2 Rb4 21. b3 Bd4+
22. Nxd4 Rxd4 23. Bb2 Nxd5 24. Bxd4 cxd4 25. Bc4 Bb7 26. Qxd4 Rf5 27. Rbe1 Qf6
28. Qxf6 Rxf6 29. Rd1 1-0

[Event "Offenes Qualifikationsturnier"]
[Site "Berlin"]
[Date "2012.04.08"]
[Round "2.3"]
[White "Jiranek, Benno"]
[Black "Haseloff, Harald"]
[Result "0-1"]
[WhiteElo "1419"]
[BlackElo "2145"]
[PlyCount "80"]
[EventDate "2012.??.??"]
[WhiteTeam "SC Kreuzberg"]
[BlackTeam "SG Lasker Steglitz-Wilmersdorf"]

1. d4 d6 2. c4 Bg4 3. Nc3 Nd7 4. g3 e5 5. Bg2 c6 6. Nf3 Be7 7. h3 Bh5 8. O-O
Ngf6 9. Bg5 Qc7 10. Nh4 h6 11. Bxf6 Bxf6 12. Nf3 Bxf3 13. Bxf3 exd4 14. Ne4 c5
15. Nxf6+ Nxf6 16. Re1 O-O 17. b3 Rad8 18. e4 a6 19. Qd3 Nd7 20. Bg2 Ne5 21.
Qd2 b5 22. f4 Nc6 23. Re2 f6 24. Rae1 Rfe8 25. e5 dxe5 26. Bxc6 Qxc6 27. fxe5
Re6 28. Qf4 Rf8 29. Qe4 Qxe4 30. Rxe4 Rfe8 31. b4 bxc4 32. bxc5 Rxe5 33. Rxe5
fxe5 34. Kf2 Kf7 35. Kf3 Ke6 36. Ke4 Rc8 37. Rb1 Rxc5 38. Rb6+ Kf7 39. Rb7+ Kg8
40. Re7 c3 0-1

[Event "Offenes Qualifikationsturnier"]
[Site "Berlin"]
[Date "2012.04.08"]
[Round "2.4"]
[White "Hahlbohm, Matthias"]
[Black "Schmidek, Emil"]
[Result "1-0"]
[WhiteElo "2075"]
[BlackElo "1792"]
[PlyCount "77"]
[EventDate "2012.??.??"]
[WhiteTeam "TSG Oberschöneweide"]
[BlackTeam "TuS Makkabi Berlin"]

1. e4 e5 2. Nf3 Nc6 3. Bb5 a6 4. Ba4 b5 5. Bb3 Nf6 6. d3 Be7 7. a4 b4 8. a5 O-O
9. O-O Rb8 10. Bc4 d6 11. h3 Be6 12. Be3 Bxc4 13. dxc4 Qd7 14. Qd3 b3 15. c3
Nd8 16. Rd1 Qc6 17. Nfd2 Ne6 18. Ra3 Rfd8 19. Ra1 Nc5 20. Bxc5 dxc5 21. Qf3
Nxe4 22. Re1 f5 23. Nxe4 fxe4 24. Rxe4 Qd6 25. Re1 Bg5 26. Qg4 h6 27. Na3 Qd2
28. Re2 Qd6 29. Rae1 Bf6 30. Nb1 Qc6 31. Nd2 Re8 32. Ne4 Kh8 33. Ng3 Rbd8 34.
Nf5 Qe6 35. Qe4 Rd7 36. f4 Red8 37. fxe5 Bg5 38. h4 Bd2 39. Rf1 {ZUe Schwarz}
1-0